000 00498nam a2200157Ia 4500
003 Ost
005 20260507075701.0
008 260507s9999||||xx |||||||||||||| ||und||
040 _cfsecg
041 _aara
100 _aمحمد، شفيق
_eمؤلف
245 0 _aدراسات في التنمية الاقتصادية /
_c شفيق محمد
260 _aالاسكندرية:
_bديوان المطبوعات الجامعية,
_cد.ت
653 _aتنمية اقتصادية
942 _cكتاب
999 _c45824
_d45824